Дело о передаче Вейсенштейнскому уездному училищу Эстляндской губернии занятого им участка церковной земли

Доступно только в Электронных читальных залах Найти на картеНа карте
RUSMARC
00004235nmc2a2200000 x 450
001b6213081-1e46-488a-a009-fee9ecfaa6a3
00520170113135253.0
100##$a20140512l18291829k l0rusy0189 ca
1010#$arus
102##$aRU
2001#$aДело о передаче Вейсенштейнскому уездному училищу Эстляндской губернии занятого им участка церковной земли
$j17 мая - 26 ноября 1829 г.
251##$cДело
300##$aДело
300##$aОриг. заголовок дела: Дело по отношению Департамента духовных дел относительно церковной земли, занятой уездным училищем в городе Вейсенштейне. 17 мая 1824 г. - 26 ноября 1824 г
801#0$aRU
$bРГИА
$c20140512
$gRCR
801#1$aRU
$bГлавНИВЦ
$c20140512
$2rusmarc
801#2$aRU
$bПБ им. Б.Н. Ельцина
$c20170113
$gRCR
$2rusmarc
850##$aРГИА
852##$aРГИА
$eФедеральное казенное учреждение "Российский государственный исторический архив" (РГИА)
$j376
937##$hРГИА
$d11174777
$aASBIBLIO_SCAN
462#0$10015faafd89-1df2-4e8f-a0ba-1d8a620713c6
$12001
$aДела Департамента народного просвещения по Дерптскому учебному округу за 1802-1836 гг.
$1251
$cОпись
$1852
$j56
461#0$1001a74412a3-3cc5-4d21-8f0a-dfe2fbd9e72d
$12001
$aДепартамент народного просвещения Министерства народного просвещения (1803-1917)
$1251
$cФонд
$1852
$j733
215##$a17 л.
$d36,5х26 см
371##$aДокумент не является опубликованным и широко распространяемым
105##$ay###
1222#$ad
5171#$aДело по отношению Департамента духовных дел относительно церковной земли, занятой уездным училищем в городе Вейсенштейне. 17 мая 1824 г. - 26 ноября 1824 г
035##$ab6213081-1e46-488a-a009-fee9ecfaa6a3
856##$uhttp://readingroom.main.prlib.ru/item.aspx?id_node=n94252443&mode=full
Формат отображения